Statistics for Finnish History A-Z

Click here to take the quiz!

General Stats

  • This quiz has been taken 102 times
    (84 since last reset)
  • The average score is 18 of 26

Answer Stats

LetterHintAnswer% Correct
HCity that became Finland's capital in 1812Helsinki
96%
EOrganization that Finland joined in 1995European Union
93%
RCountry that took control of Finland in 1809 after winning the Finnish WarRussia
92%
OEvent hosted in H in 1952Olympics
89%
LIn 1944-45, Finland fought a war against Germany in this northern regionLapland
88%
MCurrency introduced in 1860Markka
86%
CWar that killed over 36,000 Finns in 1918Civil War
85%
TFinland's biggest and most important city during the Swedish ruleTurku
85%
WWar fought against the Soviet Union in 1940Winter War
84%
AThe League of Nations granted Finland ownership of this island chainÅland
82%
DWhen part of the Kalmar Union, several kings from this country ruled FinlandDenmark
82%
IIn 1995, Finland won their first ever championship in this sportIce hockey
82%
SIndigenous people that arrived in Finland over 3500 years agoSámi
81%
KCold War-era president who ruled for 26 yearsUrho Kekkonen
77%
VOnce the fourth-biggest city in Finland, lost after WVyborg
65%
YCommon name for Finland's broadcasting company, founded in 1926Yle
64%
UFinland's oldest type of this institute was established in 1640University
61%
XFinnish studies showed that this chemical reduces cavities in teethXylitol
61%
FEvent which killed one third of Finland's population in the late 17th centuryGreat {Famine}
59%
NWar in which the Swedish empire lost territory, including parts of FinlandGreat {Northern} War
55%
PFinnish Guards took part in suppressing the November Uprising in this country,
earning the Order of St. George
Poland
46%
QThis mineral was used to make tools during the stone age in FinlandQuartz
45%
JSwedish king who assumed himself the title of Grand Duke of FinlandJohn III
39%
BJarl who launched the Second Swedish Crusade against the Tavastians{Birger} Jarl
27%
GChemical element named after Johan GadolinGadolinium
27%
Z1972 event in which secret papers were leaked to the press{Zavidovo} Leak
7%

Score Distribution

Percentile by Number Answered

Percent of People with Each Score

Your Score History

You have not taken this quiz since the last reset